Sofiin svět : román o dějinách filosofie /
Dějiny filozofického myšlení od starověké mytologie po existencialismus.
Uloženo v:
| Hlavní autor: | |
|---|---|
| Další autoři: | |
| Médium: | E-kniha |
| Jazyk: | Czech |
| Vydáno: |
V Praze :
Albatros,
2019
|
| Vydání: | 8. vydání, 5. v Albatrosu |
| Témata: | |
| Tagy: |
Žádné tagy |
| LEADER | 02428nam a2200529 i 4500 | ||
|---|---|---|---|
| 001 | 312203 | ||
| 003 | CZ PrSKC | ||
| 005 | 20260601215718.0 | ||
| 007 | ta | ||
| 008 | 191113s2019 xr d 001 f cze | ||
| 015 | |a cnb003159180 | ||
| 020 | |a 9788000056791 |q (vázáno) : |c Kč 299,00 | ||
| 035 | |a (OCoLC)1135586811 | ||
| 040 | |a OLA001 |b cze |e rda | ||
| 041 | 1 | |a cze |h nor | |
| 072 | 7 | |a 821.11 |x Germánské literatury |2 Konspekt | |
| 072 | 7 | |a 821-93 |x Literatura pro děti a mládež (beletrie) |2 Konspekt | |
| 080 | |a 821.113.5-31 |2 MRF | ||
| 080 | |a 821-93 |2 MRF | ||
| 080 | |a 14(091) |2 MRF | ||
| 080 | |a (0:82-31) |2 MRF | ||
| 100 | 1 | |a Gaarder, Jostein, |d 1952- |7 jn19990002512 |4 aut | |
| 240 | 1 | 0 | |a Sofies verden. |l Česky |
| 245 | 1 | 0 | |a Sofiin svět : |b román o dějinách filosofie / |c Jostein Gaarder ; přeložila Jarka Vrbová |
| 250 | |a 8. vydání, 5. v Albatrosu | ||
| 264 | 1 | |a V Praze : |b Albatros, |c 2019 | |
| 300 | |a 446 stran ; |c 22 cm | ||
| 336 | |a text |b txt |2 rdacontent | ||
| 337 | |a bez média |b n |2 rdamedia | ||
| 338 | |a svazek |b nc |2 rdacarrier | ||
| 500 | |a Přeloženo z norštiny | ||
| 504 | |a Obsahuje bibliografii a rejstřík | ||
| 520 | 2 | |a Dějiny filozofického myšlení od starověké mytologie po existencialismus. |b Populární dílo nenáročnou formou naznačuje podstatu nejvýznamnějších filozofických koncepcí (např. Démokritos, Platón, Descartes, Kant, Hegel, Marx, Freud). Autor elementární poznatky z dějin filozofie včlenil do beletristického útvaru. | |
| 521 | 8 | |a Pro čtenáře od 15 let | |
| 650 | 0 | 7 | |a dějiny filozofie |7 ph137168 |2 czenas |
| 650 | 0 | 9 | |a history of philosophy |2 eczenas |
| 655 | 7 | |a norské romány |7 fd132917 |2 czenas | |
| 655 | 7 | |a publikace pro mládež |7 fd133157 |2 czenas | |
| 655 | 9 | |a Norwegian fiction |2 eczenas | |
| 655 | 9 | |a juvenile literature |2 eczenas | |
| 700 | 1 | |a Vrbová, Jarka, |d 1950- |7 jn20000402620 |4 trl | |
| 900 | |a ABA001 |b 20 | ||
| 928 | 9 | |a Albatros Media - Albatros | |
| 044 | |a xr | ||
| 910 | |a RBIT002 | ||
| 998 | |d 392133 |a https://core.palmknihy.cz/api/books/392133/cover?s4k113 |b https://core.palmknihy.cz/api/books/392133/cover/400?s4k113 |c https://core.palmknihy.cz/api/books/392133/cover/50?s4k113 |e 2050-12-31 |g 448 |i 9788000056791 |j https://core.palmknihy.cz/api/books/392133/preview.epub |k https://core.palmknihy.cz/api/books/392133/preview.pdf |l |q 49 |r 1 |s https://www.palmknihy.cz/kniha/392133 |t ebook |y 2021 |z 0 | ||
| 999 | |d 312201 | ||